000
00247nam a2200109Ia 4500
008
220204s9999 xx 000 0 und d
082
_a
82-3
_b
HER
100
_a
Herbert, James
245
4
_a
The Survivor
260
_a
London
_b
NEL
_c
1977
942
_c
BK
999
_c
29335
_d
29335